MDQL
is popping MORE tags! Check the
thread
!
Quizzes
Events
Quiz Creation
Community
Videos
Private Events
Remove Ads
Sign In
Join for FREE
Feedback
Dark Mode
Quiz Categories
Sports
Geography
Music
Movies
Television
Just For Fun
Miscellaneous
History
Literature
Language
Science
Gaming
Entertainment
Religion
Holiday
For Kids
Quiz Lab
Recent
Popular Today
Quiz Kudos Today
Editor Picks
Curator Picks
Quizzes by...
Day
Popularity
Type
Ratings
Length
Year
Community
Subscriptions
Recent Discussions
Orange Saloon
Badges
Playlists
Quests
Create
Leaderboards
Showdown
Live 5
Trivia Bingo
Activity
Puzzle Library
Sporcle Events
Private Events
Virtual Trivia
Globe League
Become a Host
Pub Owners
SporcleCon
Opinionation
Our Games
Videos
Blog
Mobile Apps
Partnerships
Remove Ads and Go Orange
Feedback
Television
TV Characters
TV Show
Sitcom
Network
Friends
Reality Shows
Cast
South Park
Star Trek
The Simpsons
Doctor Who
Television
TV Characters
TV Show
Sitcom
Network
Friends
Reality Shows
Cast
South Park
Star Trek
The Simpsons
Doctor Who
Random Quiz
Search Sporcle
×
Quiz Lab
Quiz Lab
Television
Quote
Type in answers that appear in a list
Type in answers that appear in a list
Classic
Best Score? Go Orange.
The Amazing Race Episode Title Quotes Stats
Can you name the people who had the most episode title quotes on The Amazing Race (US)?
By
Roxie
7m
22 Questions
117 Plays
117 Plays
117 Plays
Comments
Comments
Give Quiz Kudos
Give Quiz Kudos
-
- Ratings
hide this ad
More Info
Forced Order
Answers have to be entered in order
Answers have to be entered in order
Replay
Link that replays current quiz
Next Quiz
Link to next quiz in quiz playlist
You Got
0%
They Got
Avg Score
56%
Avg Friend Score
Upgrade to see
Score Distribution
Jump to the score distribution portion of the page
Score
0/22
Timer
07:00
0
Plays Today
Season
Person
% Correct
Three
Flo
82.9%
Two
Oswald, Wil
81.2%
Nine
Tyler
70.9%
Twenty
Rachel (of Brendan & Rachel)
70.1%
Four
Jon (of Kelly & Jon)
69.2%
Five
Brandon
68.4%
Six
Kris
67.5%
Eleven
Oswald
65%
Seventeen
Brook
64.1%
Fourteen
Victor
62.4%
Fifteen
Ericka, Flight Time
61.5%
Season
Person
% Correct
Eighteen
Vyxsin, Zev
59.8%
Seven
Gretchen
58.1%
Twelve
Jennifer (of Nathan & Jennifer), Ronald
58.1%
Twenty-
One
James (of James & Jaymes), Nadiya
57.1%
Ten
Mary
55.6%
Twenty-
Two
Pam, Joey
52.9%
Twenty-
Three
Ashley, Jamal
52.2%
Nineteen
Marcus
52%
Sixteen
Brent, Michael
50.4%
Thirteen
Christy, Marisa
46.2%
Eight
Phil Keoghan
23.1%
Quiz Playlist
Details
Report
Send in Message
Add To Playlist
More Info:
*Note it says *people* and NOT racers or contestants. **Season One's episode titles were not derived from quotes
Classic:
Type in answers that appear in a list
Forced Order:
Answers have to be entered in order
Last Updated: Feb 16, 2017
Quiz Scoreboard
CHALLENGE
Sign Up to Join the Scoreboard
Show All
Scores
Hide
Comments
May contain spoilers
Recently Published
Find the 'City' Movie
by crazypaving
Movies
60s
5x2 Blitz: Bands
by SL_Kpop136
Music
30s
Colored Red Africa Blitz
by spor1
Geography
30s
More to Explore
Quiz From the Vault
Featured Blog Post
14 Easter Pick-up Lines to Find Eggs With
hide this ad
You Might Also Like...
Tags
Quote Quiz
Amazing
episode
Person
race
season
Today's Top Quizzes in Television
Browse Television
hide this ad
Today's Top Quizzes in Quote
Browse Quote
Top Contributed Quizzes in Television
1
Survivor Journey Challenge
2
Survivor Logic Puzzle: Heroes vs. Villains
3
One Tree Hill Logic Puzzle
4
Phoebe Buffay Quotes
5
Game of Thrones: Tywin Lannister Start to Finish
6
Brooklyn Nine Nine Logic Puzzle (How-To-Play)
7
A Series of Unfortunate Events: Netflix Character Chain
8
All US Survivor Seasons in Order
9
Survivor: Criteria Castaways
10
A Series of Unfortunate Events: S3 Character Chain
Explore More
Trending Topics
NBA
Marvel
Disney
Crossword
Anime
Harry Potter
Kpop
Puzzle
Country
Soccer
The Office
Pokémon
NFL
Song
WWE
hide this ad
More By:
Roxie
Quiz
Plays
Rating
Category
Featured
Created
Hulk Hogan's Wrestlemania Opponents
5,913
3.91
Sports
Dec 2, 2009
Longest Guns N' Roses Songs
1,058
5.00
Music
Feb 22, 2011
That '70s Show Episodes
922
4.75
Television
Oct 10, 2009
Survivor First Names
913
4.40
Television
Oct 29, 2010
Rolling Stone's Top 100 Guitarists (2011)
703
4.00
Music
Nov 25, 2011
Go to Creator's Profile
Score Distribution
Quiz Creator Spotlight
Roxie
Follow
Send a Message
Quizzes Created
-
Created Quiz Play Count
-
More By This Creator
Popular Quizzes Today
1
5x2 Blitz: Bands
2
Find the 'City' Movie
3
Colored Red Africa Blitz
4
Find the US States - No Outlines Minefield
5
The Countries of the World
6
Find the US States
7
9x9 Crossword: Cartoon Network
8
US States
More Television Quizzes
Acrostic House of the Dragon
Editor's Pick
Trending Quizzes
Colored Red Africa Blitz II
Colored Red Europe Blitz I
Christmas Pick: Judaism
Colored Red Africa Blitz III
Colored Red Europe Blitz II
Recently Updated
Champions League XIs: Real Madrid
pecheneg
Largest US Cities 1790-2010
pecheneg
Rides in Walt Disney World
pecheneg
Most Oscar Losses (Acting)
pecheneg
Beyoncé Albums
pecheneg
Leaping Animals
pecheneg
Reality TV Shows (A-Z)
bhenderson79
Rickey Henderson's Hall of Fame Teammates
pecheneg
Champions League XIs: Arsenal
pecheneg
Quick Pick: Celebrities in WWE's Hall of Fame
aduchscher
Trending Topics
Harry Potter
Disney
Anime
Marvel
Crossword
NBA
Kpop
WWE
Song
NFL
The Office
Pokémon
Puzzle
Country
Soccer
Your Account Isn't Verified!
In order to create a playlist on Sporcle, you need to verify the email address you used during registration. Go to your
Sporcle Settings
to finish the process.
Report this User
Report this user for behavior that violates our
Community Guidelines
.
Details:
Send Report
Go to the Sporcle.com Mobile Site →
Comments